Statistieken voor Promovendi eredivisie per jaar 2000-2018

Klik hier om de quiz te nemen!

Algemene statistieken

  • Deze quiz is 146 keer genomen
  • De gemiddelde score is 25 van 37

Antwoordstatistieken

JaarAntwoord% Correct
2014/2015NEC
87%
2017/2018De Graafschap
82%
2014/2015De Graafschap
82%
2009/2010De Graafschap
82%
2006/2007De Graafschap
82%
2003/2004De Graafschap
82%
2005/2006Excelsior
82%
2013/2014Excelsior
82%
2009/2010Excelsior
82%
2001/2002Excelsior
82%
2016/2017NAC Breda
82%
2017/2018FC Emmen
81%
2001/2002PEC Zwolle
80%
2012/2013Go Ahead Eagles
77%
2015/2016Go Ahead Eagles
77%
2002/2003FC Volendam
76%
2014/2015Roda JC
76%
2015/2016Sparta Rotterdam
76%
2004/2005Sparta Rotterdam
76%
2002/2003ADO Den Haag
75%
2017/2018Fortuna Sittard
75%
2006/2007VVV-Venlo
72%
2016/2017VVV-Venlo
72%
2008/2009VVV-Venlo
72%
2010/2011RKC Waalwijk
68%
2008/2009RKC Waalwijk
68%
2013/2014FC Dordrecht
66%
2000/2001FC Den Bosch
61%
2004/2005Heracles Almelo
61%
2012/2013SC Cambuur
58%
2013/2014WIllem II
57%
2011/2012Willem II
57%
2001/2002RBC Roosendaal
49%
2003/2004FC Den Bosch
37%
2007/2008FC Volendam
33%
2011/2012PEC Zwolle
17%
2007/2008ADO Den Haag
11%

Scoreverdeling

Percentiel versus Aantal Correcte Antwoorden

Procent van Mensen met Elke Score

Uw Scoregeschiedenis

U heeft deze quiz nog niet genomen